Odložená daň z príjmov v kontexte harmonizácie v oblasti účtovníctva a priamych daní v Európskej únii

Vymedzenie odloženej dani z príjmov z pohľadu národnej právnej úpravy účtovníctva SR a nadnárodnej úpravy účtovníctva podľa IFRS v nádväznosti na harmonizáciu účtovníctva a dane z príjmov.

Gespeichert in:
Bibliographische Detailangaben
1. Verfasser: Tužinský, Martin
Weitere Verfasser: Baštincová, Anna
Format: Buchkapitel
Sprache:Slowakisch
Schlagworte:
Tags: Tag hinzufügen
Keine Tags, Fügen Sie das erste Tag hinzu!

MARC

LEADER 00000naa a2200000 4500
001 0149218
005 20240502072701.7
041 0 |a slo 
044 |a SK 
245 1 0 |a Odložená daň z príjmov v kontexte harmonizácie v oblasti účtovníctva a priamych daní v Európskej únii  |c Martin Tužinský, Anna Baštincová 
520 |a Vymedzenie odloženej dani z príjmov z pohľadu národnej právnej úpravy účtovníctva SR a nadnárodnej úpravy účtovníctva podľa IFRS v nádväznosti na harmonizáciu účtovníctva a dane z príjmov. 
610 2 0 |a dane odložené 
610 2 0 |a dane z príjmov 
610 2 0 |a harmonizácia 
610 2 0 |a štandardy účtovné medzinárodné 
610 2 0 |a Európska únia 
610 2 0 |a Slovensko 
100 1 |a Tužinský, Martin 
700 1 |a Baštincová, Anna